Evénements du 1er juin - Statistiques

Statistiques générales
  • Ce quiz a été pris 37 fois
  • Le résultat moyen est 8 sur 15
Statistiques - réponses
Hint Réponse % Correct
Hugues Capet est sacré roi des Francs 987
90%
En Allemagne, Himmler ordonne la déportation des associaux, mendiants, vagabonds, tziganes, prostituées et proxénètes. 1938
87%
Capitulation de Rouen devant les Français 1204
81%
Exécution du criminel nazi Adolf Eichmann 1962
77%
Les Etats-Unis se retirent de l'accord de Paris sur le climat 2017
68%
1ère publication des Fleurs du mal 1855
58%
Adoption de l'uniforme bleu horizon en France 1915
58%
Lancement de France Info 1987
55%
Transfert du corps de Victor Hugo au Panthéon 1885
45%
En Chine, début de la mise en eau du barrage des Trois-Gorges 2003
45%
Le Tennessee devient le 15e état américain 1798
39%
Crash d'un A330 d'Air France entre Rio de Janeiro et Paris 2009
39%
Le Kentucky devient le 15e état américain 1792
35%
Bataille d'Ouessant 1794
32%
Inauguration du tunnel du Saint-Gothard 2016
19%
Aucun quiz correspondant
Distribution des résultats
% des personnes avec chaque résultat
Percentile par nombre de réponses
Votre historique - résultats
Vous n’avez pas pris ce quiz